Statistics for Bordering Countries Starting with Consecutive Letters

Click here to take the quiz!

General Stats

  • This quiz has been taken 37 times
    (22 since last reset)
  • The average score is 25 of 38

Answer Stats

Answer% Correct
Bolivia
100%
Bolivia
100%
Brazil
100%
Brazil
100%
Argentina
93%
Argentina
93%
Chile
93%
Colombia
93%
China
87%
Germany
80%
Bhutan
73%
Bosnia and Herzegovina
73%
Croatia
73%
France
73%
Mali
67%
Niger
67%
Ethiopia
60%
Jordan
60%
Jordan
60%
Djibouti
53%
Djibouti
53%
Eritrea
53%
Iraq
53%
Israel
53%
Tanzania
53%
Turkmenistan
53%
Uganda
53%
Uzbekistan
53%
Uzbekistan
53%
Guatemala
47%
Honduras
47%
Romania
47%
Serbia
47%
Syria
47%
Tajikistan
47%
Turkey
47%
Laos
27%
Myanmar
27%

Score Distribution

Percentile by Number Answered

Percent of People with Each Score

Your Score History

You have not taken this quiz since the last reset